焦慮的是我們,不是他們 : (Record no. 7686)

MARC details
000 -LEADER
fixed length control field 01006cam a2200313 i 4500
001 - CONTROL NUMBER
control field 1235936
003 - CONTROL NUMBER IDENTIFIER
control field YEEZEN
005 - DATE AND TIME OF LATEST TRANSACTION
control field 20260112140621.0
008 - FIXED-LENGTH DATA ELEMENTS--GENERAL INFORMATION
fixed length control field 251215s2025 ch a g 000 0 chi d
020 ## - INTERNATIONAL STANDARD BOOK NUMBER
International Standard Book Number 9786264183604
Qualifying information (平裝) :
Terms of availability NT$380
040 ## - CATALOGING SOURCE
Original cataloging agency TWTNM
Language of cataloging chi
Transcribing agency TWTNM
042 ## - AUTHENTICATION CODE
Authentication code nbic
084 ## - OTHER CLASSIFICATION NUMBER
Classification number 528.2
Number source ncsclt
090 ## - LOCALLY ASSIGNED LC-TYPE CALL NUMBER (OCLC); LOCAL CALL NUMBER (RLIN)
Classification number (OCLC) (R) ; Classification number, CALL (RLIN) (NR) 528.2
100 1# - MAIN ENTRY--PERSONAL NAME
Personal name 趙逸帆
245 10 - TITLE STATEMENT
Title 焦慮的是我們,不是他們 :
Remainder of title 從理解到陪伴,重新認識網路原生代的36個共好練習 /
Statement of responsibility, etc. 趙逸帆著
246 30 - VARYING FORM OF TITLE
Title proper/short title 從理解到陪伴,重新認識網路原生代的36個共好練習
246 30 - VARYING FORM OF TITLE
Title proper/short title 從理解到陪伴,重新認識網路原生代的三十六個共好練習
250 ## - EDITION STATEMENT
Edition statement 初版
260 ## - PUBLICATION, DISTRIBUTION, ETC.
Place of publication, distribution, etc. 臺北市 :
Name of publisher, distributor, etc. 遠流,
Date of publication, distribution, etc. 2025.10
300 ## - PHYSICAL DESCRIPTION
Extent 239面 :
Other physical details 圖 ;
Dimensions 21公分
490 1# - SERIES STATEMENT
Series statement 綠蠹魚Read it!
500 ## - GENERAL NOTE
General note 含附錄
650 #7 - SUBJECT ADDED ENTRY--TOPICAL TERM
Topical term or geographic name entry element 親職教育
Source of heading or term lcstt.
650 #7 - SUBJECT ADDED ENTRY--TOPICAL TERM
Topical term or geographic name entry element 親子關係
Source of heading or term lcstt.
650 #7 - SUBJECT ADDED ENTRY--TOPICAL TERM
Topical term or geographic name entry element 網路社會
Source of heading or term lcstt.
830 #0 - SERIES ADDED ENTRY--UNIFORM TITLE
Uniform title 綠蠹魚Read it!
942 ## - ADDED ENTRY ELEMENTS (KOHA)
Source of classification or shelving scheme 中文圖書分類法
Koha item type 一般圖書
Holdings
撤銷狀態 遺失狀態 分類號來源 損壞狀態 不外借 永久館藏地 現在館藏地 書架位置 採購日期 全部借出 完整索書號 條碼號 最後一次日期記錄 Date last checked out 一般價格有效日期 Koha館藏類型 公開資訊
未註銷館藏 未遺失 中文圖書分類法 未損毀 可外借 怡仁綜合醫院圖書館 怡仁綜合醫院圖書館   2026-01-12 4 528.2 C03272 2026-03-27 2026-03-16 2026-01-12 一般圖書 本書從孩子的日常情境切入,帶你了解他們為什麼愛滑手機、離不開短影音,還有為何沉迷遊戲,在這些無限滑的行為背後,各自隱含了哪些心理需求與人生課題。第二部分帶領大家思考,網路文化是如何一點一滴形塑了新世代的價值觀。
怡仁醫院| 地址:32643桃園市楊梅區楊新北路321巷30號 | 服務專線:03-4855566 | 電子郵件信箱:
Copyright © 1996 CHC Hospital